00839nas a22001937a 4500003000400000005001700004008004100021040001400062245010000076260007800176300001200254650003600266650003700302710006200339856009900401942001300500999001500513952011700528OSt20151125121849.0130628u1996 sp ||||| |||| 00| 0 cat d cCDMRbcat00aPapers ACCC de comunicació científica cAssociació Catalana de Comunicació Científica aBarcelonabAssociació Catalana de Comunicació Científicac1996-200? av.ccm.0494580aButlletins d'informació0494594aComunicació científica2 93892aAssociació Catalana de Comunicació Científica40uhttp://www.accc.cat/index/pg/40/466yDisponible en línia núm. 12 (1998) - núm. 43 (2006) 2udccSER c6537d6537 00104070aCDMRbCDMRd2013-01-16hNúm. 1 (ago. 1996) - Núm. 44 (gen. 2008)l0r2013-06-28w2013-06-28ySER